Tancred and Sigismunda : a tragedy /

Bibliographic Details
Main Author: Thomson, James, 1700-1748
Other Authors: Le Sage, Alain René, 1668-1747
Format: Book
Language:English
Subjects:

MARC

Tag First Indicator Second Indicator Subfields
LEADER 00000cam a2200000Ia 4500
001 in00002663243
005 20170623124417.0
008 830112s1792 enkc 000 d eng d
029 1 |a AU@  |b 000003514131 
035 |a (OCoLC)ocm09121495 
035 |a (OCoLC)9121495 
040 |a CSL  |c CSL  |d OCL  |d OCLCQ  |d OCLCG  |d VAMVE  |d TXA  |d UtOrBLW 
049 |a TXAM 
090 |a PR3732  |b .T36 1792 
100 1 |a Thomson, James,  |d 1700-1748. 
245 1 0 |a Tancred and Sigismunda :  |b a tragedy /  |c by James Thomson ; adapted for theatrical representation, as performed at the Theatres-Royal, Drury-Lane and Covent-Garden, regulated from the prompt-books, by permission of the managers. 
264 3 |a London :  |b Printed for the proprietors, under the direction of John Bell, British Library, Strand, Bookseller to His Royal Highness the Prince of Wales,  |c 1792. 
300 |a 99 pages, 3 unnumbered pages :  |b portrait ;  |c 15 cm. 
336 |a text  |b txt  |2 rdacontent 
337 |a unmediated  |b n  |2 rdamedia 
338 |a volume  |b nc  |2 rdacarrier 
500 |a Drawn from Le Sage's Gil Blas. 
590 |a The Cushing Library/Dawson French copy is bound with: Cleone / Robert Dodsley. [London : John Bell, 1792] -- Ximena / Colley Cibber. [London : John Bell, 1792] -- All for love / John Dryden. [London : John Bell, 1792] -- Tamerlane / Nicholas Rowe. [London : John Bell, 1792]. 
600 0 0 |a Tancred,  |d approximately 1075-1112  |v Drama. 
700 1 |a Le Sage, Alain René,  |d 1668-1747.  |t Histoire de Gil Blas de Santillane. 
948 |a cataloged  |b h  |c 2011/1/21  |d c  |e hgolay  |f 11:24:19 am 
994 |a C0  |b TXA 
999 |a MARS 
999 f f |s fc763e5c-63b7-3534-bffb-e997a28cc5e8  |i 413f39d4-f33c-3723-9e93-3779cea65dec  |t 0 
952 f f |p noncirc  |a Texas A&M University  |b College Station  |c Cushing Memorial Library & Archives  |d Cushing: Dawson French (Does not check out)  |t 0  |e PR3409.D7 C54 1792  |h Library of Congress classification  |i unmediated -- volume 
952 f f |a Texas A&M University  |b College Station  |c Cushing Memorial Library & Archives  |d Cushing: Dawson French (Does not check out)  |t 0  |e PR3409.D7 C54 1792  |h Library of Congress classification 
998 f f |a PR3409.D7 C54 1792  |t 0  |l Cushing: Dawson French (Does not check out)